<?xml version="1.0" encoding="UTF-8"?>
<record
    xmlns:xsi="http://www.w3.org/2001/XMLSchema-instance"
    xsi:schemaLocation="http://www.loc.gov/MARC21/slim http://www.loc.gov/standards/marcxml/schema/MARC21slim.xsd"
    xmlns="http://www.loc.gov/MARC21/slim">

  <leader>00810nam a2200217Ia 4500</leader>
  <controlfield tag="003">IN-BaIIA</controlfield>
  <controlfield tag="008">211028s9999    xx            000 0 eng d</controlfield>
  <datafield tag="020" ind1=" " ind2=" ">
    <subfield code="a">0379-6566</subfield>
  </datafield>
  <datafield tag="040" ind1=" " ind2=" ">
    <subfield code="c">IIA Library</subfield>
  </datafield>
  <datafield tag="080" ind1=" " ind2=" ">
    <subfield code="a">523.43(063)</subfield>
    <subfield code="b">ESA</subfield>
  </datafield>
  <datafield tag="111" ind1=" " ind2=" ">
    <subfield code="a">Workshop&#xA0;on the Planet Mars</subfield>
    <subfield code="c">&#xA0;University of Leeds</subfield>
    <subfield code="d">1982 Aug. 27</subfield>
    <subfield code="9">14525</subfield>
  </datafield>
  <datafield tag="245" ind1=" " ind2="4">
    <subfield code="a">the planet Mars</subfield>
    <subfield code="b">proceedings of a Workshop on the planet Mars, held in the University of Leeds, 27 August 1982</subfield>
    <subfield code="c">edited by B. Battrick and E. Rolfe                                                </subfield>
  </datafield>
  <datafield tag="260" ind1=" " ind2=" ">
    <subfield code="a">France</subfield>
    <subfield code="b">European Space Agency</subfield>
    <subfield code="c">1982</subfield>
  </datafield>
  <datafield tag="300" ind1=" " ind2=" ">
    <subfield code="a">v, 120p.</subfield>
  </datafield>
  <datafield tag="650" ind1=" " ind2=" ">
    <subfield code="a">Astronomy and Astrophysics thesaurus</subfield>
  </datafield>
  <datafield tag="650" ind1=" " ind2=" ">
    <subfield code="a">Planet Mars</subfield>
    <subfield code="9">1263</subfield>
  </datafield>
  <datafield tag="650" ind1=" " ind2=" ">
    <subfield code="a">Planetary systems</subfield>
    <subfield code="9">965</subfield>
  </datafield>
  <datafield tag="700" ind1=" " ind2=" ">
    <subfield code="a">Battrick, B., ed.</subfield>
    <subfield code="9">11567</subfield>
  </datafield>
  <datafield tag="700" ind1=" " ind2=" ">
    <subfield code="a">Rolfe, E.</subfield>
    <subfield code="9">14526</subfield>
  </datafield>
  <datafield tag="942" ind1=" " ind2=" ">
    <subfield code="c">BK</subfield>
  </datafield>
  <datafield tag="999" ind1=" " ind2=" ">
    <subfield code="c">8654</subfield>
    <subfield code="d">8654</subfield>
  </datafield>
  <datafield tag="952" ind1=" " ind2=" ">
    <subfield code="0">0</subfield>
    <subfield code="1">0</subfield>
    <subfield code="4">0</subfield>
    <subfield code="7">0</subfield>
    <subfield code="a">BAN</subfield>
    <subfield code="b">BAN</subfield>
    <subfield code="c">GEN</subfield>
    <subfield code="d">1986-03-21</subfield>
    <subfield code="l">0</subfield>
    <subfield code="o">523.43(063)/ ESA</subfield>
    <subfield code="p">9527</subfield>
    <subfield code="r">2021-11-05</subfield>
    <subfield code="w">1986-03-21</subfield>
    <subfield code="y">BK</subfield>
    <subfield code="G">&#xA3; 6.50</subfield>
  </datafield>
</record>
